1482 1610 1428 1208 1845 1566 1311 1390 1284 1772 1151 1229 1698 1030 1213 1727 1038 1875 1314 1884 1979 1678 1950 1455 1604 1294 1100 1067 1621 1362 1530 1530 1426 1034 1487 1899 1369 1755 1645 1551 1436 1004 1368 1335 1170 1824 1787 1268 1758 1953 1222 1710 1427 1910 1674 1322 1306 1647 1398 1664 1679 1268 1842 1678 1841 1844 1481 1654 1017 1982 1024 1801 1630 1004 1429 1597 1156 1574 1402 1597 1882 1306 1994 1271 1524 1702 1555 1879 1951 1213 1552 1488 1675 1707 1313 1320 1744 1557 1587 BCNSPRNW ULIB Ver.6.0+V

เปลี่ยนเป็นภาษาไทย

Change to English
 แสดงรายละเอียดบรรณานุกรม
  กลับหน้าหลัก

Brief Record : Get Marc (ISO 2709) : E-mail record : QR code < ปิดหน้าต่าง
LEADER : 00000nam 2200000uu 4500
001    13399127947
003     ULIB
008    211116s2021||||th 000 0 tha d
020    ^a9781975139261
060 04 ^aWF102^bW518W
100 1  ^aWest, John B.
245 10 ^aWest s Respiratory physiology :^bthe essentials /^cJohn B. West
250    ^a11th ed.
260    ^aPhiladelphia, Pa. :^bWolters Kluwer Health/LippincottWilliams & Wilkins,^c2021
300    ^aix, 254 p. :^bill. ;^c24 cm.
504    ^aIncludes bibliographical references and index
650  2 ^aRespiration
650  2 ^aRespiratory Physiological Phenomena
700 0  ^aAndrew M. Luks
945    ^p1062^l0^i008535
999    ^aประนอม เกษจรัล
รายการนี้ยังไม่มีแท็ก
คุณยังไม่ได้ล็อกอิน คุณสามารถมีกิจกรรมร่วมกับเว็บไซต์ได้ แต่ต้องล็อกอินก่อน ::
  ล็อกอิน

รายการสื่อสารสนเทศ

ลำดับที่ ประเภท เลขเรียก/บาร์โค้ด สถานที่ สถานะ
1. วิทยาศาสตร์การแพทย์ และสุขภาพ
หนังสือสำรอง
สถานะ=หนังสือสำรอง
WF102 W518W ฉ.1 
  Barcode: 008535
ห้องสมุดวิทยาเขตสวรรค์ประชารักษ์
►หนังสือทั่วไป
บนชั้น

รายการใกล้เคียง
    หัวเรื่อง [Respiration]
    หัวเรื่อง [Respiratory Physiological Phenomena]

BibComment


ยังไม่เคยถูกคอมเมนท์

คอมเมนท์ทรัพยากรรายการนี้
  คอมเมนท์: West s Respirato..


 Copyright 2026. Bcnsprnw @Library